|
|
|
|
| LEADER |
00000nab a2200000 a 4500 |
| 001 |
vtls000080774 |
| 003 |
SK-MaSNL |
| 005 |
20260304061559.0 |
| 008 |
250422c1980 xo 0 slo |
| 015 |
|
|
|a SNBRB19rr/mm-uuuuu
|
| 035 |
|
|
|a CL0090875
|
| 035 |
|
|
|a urn:nbn:sk:snk-ab1l1i
|
| 035 |
|
|
|a (urnnbn)urn:nbn:sk:snk:ar-004ce6
|
| 035 |
|
|
|a (uuid)f54e54a4-68b0-4f07-949c-004c7402b6f7
|
| 040 |
|
|
|a SNKBUCL
|b slo
|c SNKBUCL
|e AACR2
|
| 041 |
0 |
|
|a slo
|
| 044 |
|
|
|a xo
|c SK
|
| 080 |
|
|
|a 801
|2 1981
|
| 080 |
|
|
|a 82.035
|2 1981
|
| 080 |
|
|
|a 1 100.1
|2 1981
|
| 080 |
|
|
|a 801.5
|2 1981
|
| 080 |
|
|
|a 801.3
|2 1981
|
| 100 |
1 |
|
|a Peciar, Štefan,
|d 1912-1989
|4 aut
|9 101102
|
| 245 |
1 |
0 |
|a Skúsenosti z lektorovania prekladu Marxovho Kapitálu
|c Štefan Peciar
|
| 650 |
0 |
7 |
|a odborný preklad
|2 snkbucl
|9 73828
|
| 655 |
|
7 |
|a články z novín a časopisov
|2 snkbucl
|9 267496
|
| 773 |
0 |
|
|t Kultúra slova
|g Roč. 14, č. 10 (1980), s. 337-342
|
| 850 |
|
|
|a Slovenská národná knižnica
|
| 852 |
|
|
|a Slovenská národná knižnica
|
| 954 |
|
|
|a odborná, vedecká literatúra pôvodná (slovenská)
|2 lita
|
| 958 |
|
|
|a article27
|
| 958 |
|
|
|a OND
|
| 958 |
|
|
|a RK
|
| 958 |
|
|
|a EUIPO
|
| 992 |
|
|
|a RBX
|
| 999 |
|
|
|c 2733813
|d 2735743
|